František Buriánek: Čapkovské variace eseje o Karlu Čapkovi a o literatuře

Bibliographic Details
Main Author: Komorovský, Ján, 1924-2012 (Author)
Format: Article
Language:Slovak
Subjects:

MARC

LEADER 00000nab a2200000 a 4500
001 vtls000219561
003 SK-MaSNL
005 20260304073201.0
008 250423c1985 xo 0 slo
015 |a SNBRB19rr/mm-uuuuu 
035 |a CL0229675 
035 |a urn:nbn:sk:snk-abel5e 
035 |a (urnnbn)urn:nbn:sk:snk:ar-0006qs 
035 |a (uuid)ad207467-2890-4677-a019-5bd16ab1b15f 
040 |a SNKBUCL  |b slo  |c SNKBUCL  |e AACR2 
041 0 |a slo 
044 |a xo  |c SK 
080 |a 82.09:885.0-4(048)  |2 1981 
080 |a 885.0-4(048)  |2 1981 
100 1 |a Komorovský, Ján,  |d 1924-2012  |4 aut  |9 16247 
245 1 0 |a František Buriánek: Čapkovské variace  |b eseje o Karlu Čapkovi a o literatuře  |c Ján Komorovský 
500 |a V rubrike Knihy 
600 1 7 |a Čapek, Karel,  |d 1890-1938  |2 snkbucl  |9 106564 
650 0 7 |a česká literatúra  |2 snkbucl  |9 1178 
650 0 7 |a eseje  |2 snkbucl  |9 144629 
655 7 |a recenzie  |2 snkbucl  |9 21907 
655 7 |a články z odboru literárna veda a krásna literatúra  |2 snkbucl  |9 770045 
655 7 |a články z novín a časopisov  |2 snkbucl  |9 267496 
773 0 |t Slovenské pohľady  |g Roč. 101, č. 6 (1985), s. 125-127 
787 0 8 |i Rec.:  |a Buriánek, František  |t Čapkovské variace  |d Praha : Československý spisovatel, 1984 
850 |a Slovenská národná knižnica 
852 |a Slovenská národná knižnica 
954 |a odborná, vedecká literatúra pôvodná (slovenská)  |2 lita 
958 |a article27 
958 |a RK 
958 |a CZ 
958 |a LX 
958 |a OND 
958 |a EUIPO 
992 |a RBX 
999 |c 2770023  |d 2771953